00547nam a2200205Ia 4500008004100000020001700041050001000058050001500068100002000083245003700103245001900140260001500159260002400174260000900198300001500207300001100222440003700233650003600270650003500306170203s9999 xx 000 0 und d a 0-671025481 aFic.  b.K26c 1999 aKeene, Carolyn. 4aThe clue of the gold doubloons / cCarolyn Keene. aNew York : bAladdin Paperpacks. c1999 a151 pages; c20 cm. aNancy Drew mystery stories ; 149 a Detective and mystery stories. aMystery and detective stories.